LEADER 01385nam a2200313 u 4500 001 000000010660 003 CaOOAMICUS 005 20070226105336.0 008 941103s1948 fr u000 u fre u 035 $a10264938 040 $aPUL(R)$bita 100 1 $aBovis, André de.$0(OLS)http://pul/name/10451 245 13$aLa sagesse de Sénèque /$cAndré de Bovis. 260 $aParis :$bAubier,$c1948. 300 $a231 p. ;$c23 cm 490 1 $aThéologie ;$v13 504 $aNote bibliografiche. 600 14$aSeneca, Lucius Annaeus,$d5/4 a.C.-65 d.C.$0(OLS)http://pul/subject/8413 830 0$aThéologie (Aubier).$0(OLS)http://pul/title/3678 850 $aPUL 852 $aPUL$W1$xSL Religione 2$y84$mTheol A8 13$j15139$nBK-PRI$b $qStampati altre collocazioni$B15139$CPULBib$Z2$F15139 $H $81 852 $aPUL$W1$xDP1 Fondo Cecchetti$y53$m286 E 3$j15140$nBK-PRI$b $qFondi$B15140$CPULBib$Z2$F15140 $HPUL24975 $81 852 $aPUL$W1$xDP1 Fondo Bordoni$y120$m3 G 96.13$j173442$qFondi$B175708$CPULBib$Z2$F175708 $HBor1057 $81 941 1 $a1 941 1 $a10 960 $aSeneca, Lucio Anneo, $d5/4 a.C.-65 d.C.?$98413 961 $aINV: 14374 996 $6245$aLa sagesse de Sénèque$9(OLS)http://pul/title/15545 996 $6260$aParis :$bAubier$9(OLS)http://pul/publisher/48219 LEADER 01596nam a2200325 a 4500 001 000000123314 003 CaOOAMICUS 005 20101011141415.0 008 101011t2009 it c u000 u ita r 020 $a978-88-6521-006-2 040 $aPUL$bita 245 00$aAntonello Gerbi tra vecchio e nuovo mondo :$bgiornata di studi Milano, 27 febbraio 2007 /$ca cura di Emilia Perassi e Francesca Pino. 260 $aMilano :$bCisalpino,$c©2009. 300 $a239 p. :$britr. ;$c24 cm. 490 1 $aQuaderni di Acme ;$v114 500 $aIn testa al front.: Università degli studi di Milano. Facoltà di lettere e filosofia. 500 $aInclude indicazioni bibliografiche e indice. 600 14$aGerbi, Antonello,$d1904-1976.$0(OLS)http://pul/subject/37236 650 4$aLinguistica$xStudi.$0(OLS)http://pul/subject/1953 700 1 $aPerassi, Emilia.$0(OLS)http://pul/name/77617 700 1 $aPino, Francesca.$0(OLS)http://pul/name/77618 710 2 $aUniversità degli studi di Milano.$bFacoltà di lettere e filosofia.$0(OLS)http://pul/name/64245 830 0$aQuaderni di Acme ;$v114.$0(OLS)http://pul/title/6215 850 $aPUL 852 $aPUL$W1$xDP1 Riviste Correnti$y15$m1095 C 114$j141868$qPeriodici$B140857$CPULBib$Z2$F140857 $H114999 $82 941 1 $a5 996 $6020$a978-88-6521-006-2$9(OLS)http://pul/number/145582 996 $6245$aAntonello Gerbi tra vecchio e nuovo mondo :$bgiornata di studi Milano, 27 febbraio 2007$9(OLS)http://pul/title/155409 996 $6260$aMilano :$bCisalpino$9(OLS)http://pul/publisher/58953